Agent-oriented programming : from prolog to guarded definite clauses

Αποθηκεύτηκε σε:
Λεπτομέρειες βιβλιογραφικής εγγραφής
Κύριος συγγραφέας: Huntbach, Matthew M.
Μορφή: Βιβλίο
Γλώσσα:English
Δημοσίευση: Berlin ; New York : Springer, c1999
Σειρά:Lecture notes in computer science. Lecture notes in artificial intelligence ; ; 1630
Θέματα:
Ετικέτες: Προσθήκη ετικέτας
Δεν υπάρχουν, Καταχωρήστε ετικέτα πρώτοι!

MARC

LEADER 00000nam a2200000 i 4500
001 1/19385
008 010424s1999 eng d
020 |a 3-540-66683-4 
035 |l 10066835 
040 |a GR-MY-UA  |b gre  |e aacr 
041 0 |a eng 
082 0 |a 005.117 
100 1 |a Huntbach, Matthew M. 
245 1 0 |a Agent-oriented programming :  |b from prolog to guarded definite clauses /  |c Matthew M. Huntbach, Gream A. Ringwood 
260 |a Berlin ; New York :   |b Springer,   |c c1999 
300 |a xiv, 386 p.;  |b ill.;  |c 24 cm. 
490 1 |a Lecture notes in computer science. Lecture notes in artificial intelligence  |v ; 1630 
504 |a Includes bibliographical references (p. 353-386) 
650 0 0 |a Object-oriented programming (Computer science) 
650 0 0 |a Intelligent agents (Computer software) 
830 0 |a Lecture notes in computer science. Lecture notes in artificial intelligence ;  |v ; 1630 
852 |a INST  |b SAMOS  |e 20010424  |h 005.117 HUN  |p 005300021094  |q 005300021094  |t BK  |y 0 
852 |a INST  |b SAMOS  |e 20010424  |h 005.117 HUN  |p 005300021095  |q 005300021095  |t BK  |y 0 
852 |a INST  |b SAMOS  |e 20010424  |h 005.117 HUN  |p 005300021096  |q 005300021096  |t BK  |y 23 
901 |a BIBL3-2001-1 
909 |a Σ  |b 086363 
909 |a Σ  |b 086362 
909 |a Σ  |b 086361 
922 |a 3ΕΛΗ  |b 200008  |c ΤΠΕΣ/ΠΟΛ2  |d LEADER 
970 |a ΜΑΛΑΓΑΡΗ  |b ΦΩΤΕΙΝΗ  |z 2001/04/24